Maladies et parasites de la vigne; T1 Maladies gryptogamiques
Sparad:
| Huvudupphovsman: | |
|---|---|
| Materialtyp: | Bok |
| Språk: | Undetermined |
| Publicerad: |
Paris
J. B. Baillière
1966
|
| Ämnen: | |
| Taggar: |
Lägg till en tagg
Inga taggar, Lägg till första taggen!
|
| Thư viện lưu trữ: | Trung tâm Học liệu Trường Đại học Cần Thơ |
|---|
| LEADER | 00513nam a2200181Ia 4500 | ||
|---|---|---|---|
| 001 | CTU_13269 | ||
| 008 | 210402s9999 xx 000 0 und d | ||
| 082 | |a 634.82 | ||
| 082 | |b L164/T1 | ||
| 100 | |a Jean Lafon | ||
| 245 | 0 | |a Maladies et parasites de la vigne; T1 | |
| 245 | 0 | |b Maladies gryptogamiques | |
| 245 | 0 | |c Jean Lafon, P Couillaud | |
| 260 | |a Paris | ||
| 260 | |b J. B. Baillière | ||
| 260 | |c 1966 | ||
| 650 | |a grapes - diseases and pests | ||
| 980 | |a Trung tâm Học liệu Trường Đại học Cần Thơ | ||